Normal view
MARC view
Entry Personal Name
001 - CONTROL NUMBER
- control field: 48175
003 - CONTROL NUMBER IDENTIFIER
- control field: OSt
005 - DATE AND TIME OF LATEST TRANSACTION
- control field: 20241009164148.0
008 - FIXED-LENGTH DATA ELEMENTS
- fixed length control field: 241009|| aca||aabn | a|a d
040 ## - CATALOGING SOURCE
- Original cataloging agency: OSt
- Transcribing agency: OSt
100 ## - HEADING--PERSONAL NAME
- Personal name: Singh, Rajesh Kumar and Deasthali, Supriya
670 ## - SOURCE DATA FOUND
- Source citation: Work cat.: (OSt)524824: Singh, Rajesh Kumar and Deasthali, Supriya , Passing of the landmark legislation: The Jan Vishwas act, 2023 and the road ahead
